| 000 | 00741nam a2200205 a 4500 | ||
|---|---|---|---|
| 001 | 000043246 | ||
| 005 | 20250909091242.0 | ||
| 008 | 140303s2006 sp ad 000 0 spa d | ||
| 020 | _a9788483470763 | ||
| 040 |
_aDO-SdBNP _bspa _cBNPHU |
||
| 100 | 1 |
_aRey, Germán _970847 |
|
| 245 | 1 | 0 |
_aIndustrias culturales, creatividad y desarrollo / Germán Rey / _cGermán Rey. |
| 260 |
_aMadrid : _bAECID, _c2006. |
||
| 300 |
_a143 p. : _bil., gráf. ; _c23 cm. |
||
| 490 | 1 |
_aCultura y Desarrollo _v10 |
|
| 504 | _aIncluye referencias bibliográficas y notas al pie de las páginas | ||
| 504 | _aBibliografía : p. 139 -143 | ||
| 710 | 2 |
_aAgencia Española de Cooperación Internacional _934585 |
|
| 830 | 0 |
_aCultura y Desarrollo (España) _v10 _970831 |
|
| 999 |
_c42735 _d42735 |
||